000 00882nam a22002777a 4500
003 CHAP
005 20220329134717.0
008 971013s r 00010 d
010 _a24589
011 _a25561
035 _a29661
040 _cCHAP
082 _a338.17373
_bI56
110 _aInstituto Brasileiro do Café
_959078
245 _aMovimiento da comercializacao de cafe
_b: segundo estados, municipios e micro-regioes hogeneas
260 _a(s.l. :
_bs.e.),
_c(s.a.)
300 _a73 p
590 _aBATCH-UPD
_b10
_c20130110
_lUCH01
_h0148
590 _aBATCH-UPD
_b10
_c20130409
_lUCH01
_h2148
590 _aBATCH-UPD
_b10
_c20130914
_lUCH01
_h0809
590 _aCONVERSION
_b10
_c20130109
_lUCH01
_h1314
650 1 4 _aCafé
_xMercadeo
_xBrasil.
_917171
901 _aBK
942 _cLIBRO
949 _a338.17373 I56
_bBC
_cLIBRO
_d33724000117479
_eLIBRO
_h23201
_i29661
_mD
_si
999 _c24589
_d24589